00343nam a2200133Ia 4500008004100000020001500041041001200056082001600068100002100084245005000105260003400155300000800189650001200197221030s9999 xx 000 0 und d a0041410092 aEnglish a105.23bRad aS. Radhakrishnan 3aAn Idealist View Of Lifecby S. Radhakrishnan bHarper & Row PubaIndiac2000 a346 aGeneral